Daniel: (Record no. 4582)

MARC details
000 -LEADER
fixed length control field 00427nam a22001577a 4500
003 - CONTROL NUMBER IDENTIFIER
control field GBCCL
005 - DATE AND TIME OF LATEST TRANSACTION
control field 20241126110521.0
008 - FIXED-LENGTH DATA ELEMENTS--GENERAL INFORMATION
fixed length control field 180125b xxu||||| |||| 00| 0 eng d
020 ## - INTERNATIONAL STANDARD BOOK NUMBER
International Standard Book Number 0877842736
040 ## - CATALOGING SOURCE
Transcribing agency gbc
100 ## - MAIN ENTRY--PERSONAL NAME
Personal name Baldwin, Joyce G.
9 (RLIN) 3914
245 ## - TITLE STATEMENT
Title Daniel:
Remainder of title An Introduction and Commentary /
Statement of responsibility, etc. Joyce G. Baldwin
260 ## - PUBLICATION, DISTRIBUTION, ETC.
Name of publisher, distributor, etc. Inter-varsity Press,
Place of publication, distribution, etc. Illinois:
Date of publication, distribution, etc. 1978
300 ## - PHYSICAL DESCRIPTION
Extent 210 p.;
Dimensions 19 cm.
942 ## - ADDED ENTRY ELEMENTS (KOHA)
Source of classification or shelving scheme Dewey Decimal Classification
Koha item type Books
Holdings
Withdrawn status Lost status Source of classification or shelving scheme Damaged status Not for loan Home library Current Library Shelving location Date acquired Total checkouts Barcode Date last seen Copy number Price effective from Koha item type
    Dewey Decimal Classification     GRACE BIBLE COLLEGE GRACE BIBLE COLLEGE Vernacular 2018-01-25   000193 2018-01-25 c.1 2018-01-25 Books
© Grace Bible College Library 2025